Online Catalogue and eLibrary

Jaffna under the Portuguese / (Record no. 206)

MARC details
000 -LEADER
fixed length control field 00484nam a2200181 a 4500
001 - CONTROL NUMBER
control field 1017784
005 - DATE AND TIME OF LATEST TRANSACTION
control field 20240129020347.0
008 - FIXED-LENGTH DATA ELEMENTS--GENERAL INFORMATION
fixed length control field 880317s1986 ce af b 000 0 eng
020 ## - INTERNATIONAL STANDARD BOOK NUMBER
ISBN 9555520003
040 ## - CATALOGING SOURCE (பட்டியலாக்க மூலம்)
Original cataloging agency DLC
Transcribing agency DLC
Modifying agency DLC
082 00 - DDC Classification
Class No. 954.93
DDC Edition Number 20
Item Number - Author Mark TIK.
100 1# - MAIN ENTRY--PERSONAL NAME
Personal name Abeyasinghe, Tikiri.
245 10 - TITLE STATEMENT
Title Jaffna under the Portuguese /
Statement of responsibility, etc. Tikiri Abeyasinghe.
260 ## - PUBLICATION, DISTRIBUTION, ETC.
Place of publication, distribution, etc. Colombo, Sri Lanka :
Name of publisher, distributor, etc. Lake House Investments,
Date of publication, distribution, etc. 1986.
300 ## - PHYSICAL DESCRIPTION
Extent (e.g. Volumes, Pages etc.) 66 p. :
650 ## - SUBJECT ADDED ENTRY--TOPICAL TERM
Topical term or geographic name entry element Politics.
942 ## - Koha item type (Biblio)
Koha item type Books in Stacks (Lending)
Holdings
Lost status Damaged status Collection code Home library Current library Date acquired Full call number Accession Number Item type
    Lending WERC Library WERC Library 01/29/2024 954.93 TIK. 980 Books in Stacks (Lending)

© WERC Library